000
00315nam a2200121Ia 4500
008
190216s9999||||xx |||||||||||||| ||und||
100
_a
"Kantiswarup ,gupta P K&Amp; Manmohan"
245
0
_a
Introduction To Operations Research
260
_b
Null
_c
2002
300
_a
296p
650
_a
Operation Research
942
_c
BK
999
_c
6413
_d
6413